Plus grandes villes de France comportant un X - Statistiques

Statistiques générales
  • Ce quiz a été pris 85 fois
  • Le résultat moyen est 7 sur 15
Statistiques - réponses
Population Département Ville % Correct
265 000 33 Bordeaux
92%
148 000 13 Aix-en-Provence
89%
99 500 59 Roubaix
79%
35 000 89 Auxerre
69%
56 500 77 Meaux
61%
48 500 27 Évreux
60%
43 000 36 Châteauroux
51%
66 500 69 Vénissieux
48%
52 500 69 Vaulx-en-Velin
43%
67 500 92 Issy-les-Moulineaux
33%
44 000 92 Puteaux
29%
43 500 92 Bagneux
19%
37 000 83 Six-Fours-les-Plages
15%
34 500 94 Le Perreux-sur-Marne
12%
34 000 78 Les Mureaux
8%
Aucun quiz correspondant
Distribution des résultats
% des personnes avec chaque résultat
Percentile par nombre de réponses
Votre historique - résultats
Vous n’avez pas pris ce quiz